[Event "Nova Gorica op"]
[Site "Nova Gorica"]
[Date "1999.02.03"]
[Round "7"]
[White "Kutuzovic, Branko"]
[Black "Romanishin, Oleg M"]
[Result "1/2-1/2"]
[WhiteElo "2465"]
[BlackElo "2572"]

1.e4 c5 2.Nf3 e6 3.d4 cxd4 4.Nxd4 Nc6 5.Nc3 a6 6.Nxc6 bxc6 7.Bd3 d5 8.O-O Nf6
9.Qe2 Be7 10.b3 O-O 11.Bb2 Bb7 12.Na4 Qc7 13.c4 dxe4 14.Bxe4 Nxe4 15.Qxe4 c5
16.Qe3 Rfd8 17.Rad1 Rxd1 18.Rxd1 Rd8 19.Rxd8+ Qxd8 20.h3 Qd1+ 21.Kh2 Bc6
22.Qg3 f6 23.Nc3 Qc2 24.Qe3 Qxb2 25.Qxe6+ Kf8 26.Qxc6 Qxc3 27.Qa8+ Kf7 28.Qd5+ Kf8
29.Qa8+ Kf7 30.Qd5+ Ke8 31.Qc6+ Kd8 32.Qa8+ Kd7 33.Qb7+ Kd8 34.Qa8+ Kc7 35.Qa7+ Kd6
36.Qxa6+ Kd7 37.Qb7+  1/2-1/2

[Event "Goodricke 10th op"]
[Site "Calcutta"]
[Date "1999.02.07"]
[Round "2"]
[White "Ramesh, RB."]
[Black "Ganguly, Surya Shekhar"]
[Result "1/2-1/2"]
[WhiteElo "2390"]
[BlackElo "2340"]

1.e4 c5 2.Nf3 Nc6 3.d4 cxd4 4.Nxd4 e6 5.Nc3 Qc7 6.Be3 a6 7.Be2 Nf6 8.O-O Bb4
9.Na4 b5 10.Nxc6 dxc6 11.Nb6 Rb8 12.Nxc8 Rxc8 13.Bf3 O-O 14.c4 Rfd8 15.Qc2 Bd6
16.g3 Qe7 17.Rac1 Bc5 18.Bxc5 Qxc5 19.cxb5 Qxc2 20.Rxc2 cxb5 21.Rfc1 Rxc2
22.Rxc2 Kf8 23.e5 Nd7 24.Bb7 Nxe5 25.Bxa6 Ra8 26.Bxb5 Nf3+ 27.Kf1 Nd4 28.Rc5 Rxa2
29.Rc8+ Ke7 30.Rc7+ Kf8  1/2-1/2

[Event "Goodricke 10th op"]
[Site "Calcutta"]
[Date "1999.02.08"]
[Round "3"]
[White "Vishveswaran, K."]
[Black "Sorokin, Maxim"]
[Result "0-1"]
[WhiteElo "2270"]
[BlackElo "2550"]

1.e4 c5 2.Nf3 Nc6 3.d4 cxd4 4.Nxd4 e6 5.Nc3 Qc7 6.Be2 Nf6 7.O-O a6 8.Be3 Bb4
9.Na4 Be7 10.c4 O-O 11.c5 Nxe4 12.Rc1 Rd8 13.f4 d5 14.cxd6 Rxd6 15.Qe1 Bd7
16.Bf3 Nf6 17.Nb6 Rd8 18.Nxc6 Bxc6 19.Nc4 Nd5 20.Nxd6 Qxd6 21.Kh1 Qb4 22.Qxb4 Bxb4
23.Bxd5 Bxd5 24.Bb6 Re8 25.a3 Be7 26.Rfd1 Bc6 27.b4 h5 28.Kg1 Bf6 29.Rd2 Kh7
30.Bd4 Bxd4+ 31.Rxd4 e5 32.fxe5 Rxe5 33.Rdc4 g6 34.R1c2 Re1+ 35.Kf2 Ra1 36.R4c3 Kh6
37.Ke3 Kg5 38.Kd4 h4 39.Kc5 Rg1 40.g3 hxg3 41.hxg3 f5 42.Rd2 Kg4 43.Rd6 g5
44.Rg6 Be4 45.Rg7 Rh1 46.Kd4 Rd1+ 47.Ke5 Rd5+ 48.Ke6 Rb5 49.Kf6 Rb6+ 50.Ke5 Rb5+
51.Rc5 Rb6 52.Rg8 Rh6 53.a4 Rb6 54.b5 axb5 55.Rxb5 Ra6 56.a5 Rc6 57.Rg7 Rc3
58.Kf6 Rc6+ 59.Ke5 Ra6 60.Kd4 Re6 61.Rb6 Re8 62.Rbg6 Rd8+ 63.Ke5 Rd5+ 64.Ke6 Kxg3
65.Rxb7 g4 66.Rb3+ Rd3 67.Rxd3+ Bxd3 68.Ke5 f4 69.a6 Bxg6 70.a7 f3 71.a8=Q f2
72.Qa6 Bc2 73.Qf1 Kf3 74.Qh1+ Ke3 75.Qg2 Bd1 76.Kf5 Bf3 77.Qf1 g3 78.Qc1+ Ke2
79.Qc2+ Ke1 80.Qc1+ Bd1 81.Qe3+ Kf1 82.Qxg3  0-1

[Event "RUS-Cup03 (Geller mem)"]
[Site "Moscow"]
[Date "1999.02.08"]
[Round "7"]
[White "Lobzhanidze, Davit"]
[Black "Landa, Konstantin"]
[Result "0-1"]
[WhiteElo "2452"]
[BlackElo "2542"]

1.e4 c5 2.Nf3 e6 3.d4 cxd4 4.Nxd4 Nc6 5.Nc3 Qc7 6.g3 a6 7.Bg2 Nf6 8.O-O Nxd4
9.Qxd4 Bc5 10.Bf4 d6 11.Qd2 h6 12.Rad1 e5 13.Be3 Bg4 14.Bxc5 dxc5 15.f3 Be6
16.f4 O-O 17.Nd5 Bxd5 18.exd5 exf4 19.d6 Qb6 20.c3 Rad8 21.Rxf4 Rfe8 22.Rxf6 gxf6
23.c4 Re6 24.d7 f5 25.Qf4 Qxb2 26.Qc7 Qb6 27.Qxb7 Qxb7 28.Bxb7 Kf8 29.Rd5 Ke7
30.Bc8 f4 31.gxf4 Re4 32.Rxc5 Rxf4 33.Re5+ Kd6 34.Re8 Kc7 35.c5 Ra4 36.Re2 a5
37.Rb2 Kc6 38.Rf2 Kxc5 39.Rxf7 Rxa2 40.Rf5+ Kd4 41.Rf6 a4 42.Rxh6 a3 43.Ra6 Rg8+
44.Kf1 Kc5 45.Bb7 Rd8 46.Bc8 Rf8+ 47.Ke1 Rg8 48.Kf1 Ra1+ 49.Kf2 a2 50.Bb7 Rb1
51.Rxa2 Rxb7 52.Rc2+ Kd6  0-1

[Event "RUS-Cup03 (Geller mem)"]
[Site "Moscow"]
[Date "1999.02.08"]
[Round "7"]
[White "Filipenko, Alexander V"]
[Black "Tosic, Miroslav"]
[Result "0-1"]
[WhiteElo "2360"]
[BlackElo "2517"]

1.e4 c5 2.Nf3 e6 3.d4 cxd4 4.Nxd4 Nc6 5.Nc3 d6 6.Be3 Nf6 7.f4 Bd7 8.Qf3 Nxd4
9.Bxd4 Qa5 10.O-O-O Bc6 11.Bxf6 gxf6 12.Bc4 O-O-O 13.Bb3 h5 14.f5 Qe5 15.Rhf1 Bg7
16.Rde1 Kb8 17.Qh3 Bh6+ 18.Kb1 Bd2 19.Re2 Bxc3 20.Qxc3 Bb5 21.Qxe5 fxe5 22.c4 Bd7
23.Rd2 exf5 24.exf5 f6 25.Bc2 Bc6 26.Re1 Rhg8 27.g3 Rg4 28.b3 Kc7 29.Kb2 a5
30.Re3 d5 31.cxd5 Rxd5 32.Rxd5 Bxd5 33.h4 Rd4 34.Kc1 Kd6 35.Bd1 Bf7 36.Bf3 b5
37.Kc2 b4 38.Rd3 Kc5 39.Rxd4 Kxd4 40.g4 Ke3 41.Bd1 hxg4 42.Bxg4 Kf4 43.Be2 Kxf5
44.Kd3 Kf4 45.Bd1 Bd5 46.Be2 Bb7 47.h5 Kg5  0-1

[Event "Malaga op"]
[Site "Malaga"]
[Date "1999.02.10"]
[Round "8"]
[White "Kharlov, Andrei"]
[Black "Moreno, Javier"]
[Result "1/2-1/2"]
[WhiteElo "2600"]
[BlackElo "2449"]

1.e4 c5 2.Nc3 e6 3.Nge2 Nc6 4.d4 cxd4 5.Nxd4 d6 6.Be2 Nf6 7.O-O Be7 8.Be3 O-O
9.f4 e5 10.Nb3 exf4 11.Bxf4 Be6 12.Kh1 d5 13.exd5 Nxd5 14.Nxd5 Qxd5 15.Bf3 Qc4
16.Be2 Qd5 17.Qxd5 Bxd5 18.Rad1 Rad8 19.c3 Rfe8 20.Bc7 Bxb3 21.axb3 Rxd1
22.Bxd1 Bd8 23.Bg3 Re7 24.b4 Bc7 25.Bf2 Bb6 26.Bxb6 axb6 27.Kg1 Kf8 28.Kf2 Rd7
29.Ke3 Ne5 30.Be2 Ke7 31.h3 g6 32.g4 h6 33.Ra1 f5 34.gxf5 gxf5 35.Ra8 Ng6
36.Bf3 Ne5 37.Be2 Ng6 38.Bh5 Ne5 39.Kf4 Nd3+ 40.Kxf5 Rd5+ 41.Ke4 Rxh5 42.Kxd3 Rxh3+
43.Kc4 Kd7 44.Kb5 Kc7 45.c4 Rb3 46.Rh8  1/2-1/2

[Event "RUS-Cup03 (Geller mem)"]
[Site "Moscow"]
[Date "1999.02.10"]
[Round "1"]
[White "Vorobiov, Evgeny E"]
[Black "Bachin, Vitaly"]
[Result "1/2-1/2"]
[WhiteElo "2477"]
[BlackElo "2295"]

1.e4 c5 2.Nf3 e6 3.Nc3 Nc6 4.d4 cxd4 5.Nxd4 Nf6 6.Ndb5 d6 7.Bf4 e5 8.Bg5 a6
9.Na3 Be6 10.Nc4 Rc8 11.Bxf6 Qxf6 12.Nb6 Rb8 13.Ncd5 Qd8 14.Be2 g6 15.O-O Bh6
16.c3 O-O 17.a4 f5 18.Bf3 Kh8 19.Qe2 Ne7 20.Rfd1 Nxd5 21.Nxd5 Rf7 22.a5 Qg5
23.Nb6 Bf8 24.c4 Be7 25.b4 Rbf8 26.Rf1 f4 27.b5 Qh4 28.bxa6 bxa6 29.Nd5 g5
30.Nxe7 Rxe7 31.g3 Qh3 32.Bg2 Qh6 33.Rfd1 Ref7 34.Ra3 Bc8 35.Rad3 Rf6 36.f3 fxg3
37.hxg3 g4 38.fxg4 Qg7 39.Qe3 Bxg4 40.R1d2 Qf7 41.Qg5 Rg6 42.Qe3 Rf6 43.Qg5 Rg6
44.Qe3 Rf6  1/2-1/2

[Event "RUS-Cup03 (Geller mem)"]
[Site "Moscow"]
[Date "1999.02.10"]
[Round "1"]
[White "Isanbaev, Ramil"]
[Black "Kobalija, Mihail"]
[Result "0-1"]
[WhiteElo "2344"]
[BlackElo "2537"]

1.e4 c5 2.Nf3 e6 3.d4 cxd4 4.Nxd4 Nc6 5.Nc3 Qc7 6.Be3 a6 7.Be2 Nf6 8.O-O Be7
9.a4 Bb4 10.Bg5 Qa5 11.Bxf6 gxf6 12.Nxc6 dxc6 13.Qd3 Bd7 14.Nd1 Qc7 15.Ne3 Ke7
16.Ng4 Bd6 17.Qc3 Be5 18.Qc5+ Qd6 19.Qxd6+ Bxd6 20.Rad1 c5 21.b3 Bc6 22.Nxf6 Bc7
23.Nh5 Bxe4 24.Bd3 Bxd3 25.Rxd3 Rhd8 26.Rfd1 Rxd3 27.Rxd3 b5 28.Kf1 Be5 29.Ng3 bxa4
30.bxa4 c4 31.Re3 Kd6 32.Ne4+ Kd5 33.g3 Rb8 34.Ng5 f6 35.Ne4 Rb1+ 36.Kg2 Ra1
37.c3 f5 38.Nc5 Bxc3 39.Nxa6 Bd2 40.Re2 c3  0-1

[Event "RUS-Cup03 (Geller mem)"]
[Site "Moscow"]
[Date "1999.02.10"]
[Round "1"]
[White "Belov, Alexei"]
[Black "Tunik, Gennady"]
[Result "1/2-1/2"]
[WhiteElo "2295"]
[BlackElo "2474"]

1.e4 c5 2.Nf3 e6 3.d4 cxd4 4.Nxd4 Nc6 5.Nc3 Qc7 6.Be2 a6 7.O-O Nf6 8.a4 Bb4
9.Nxc6 bxc6 10.Qd4 Bd6 11.f4 e5 12.Qf2 exf4 13.Bxf4 Bxf4 14.Qxf4 Qxf4 15.Rxf4 d6
16.Bc4 Be6 17.Bxe6 fxe6 18.e5 dxe5 19.Rc4 Rc8 20.Re1 Nd7 21.Ne4 Ke7 22.Nc5 Nxc5
23.Rxc5 Rhd8 24.Rcxe5 Rd6 25.b4 c5 26.bxc5 Rdc6 27.Kf2 a5 28.R1e3 Kf6 29.Ke2 Rd8
30.R5e4 Rd5 31.Rc3 Rdxc5 32.Rxc5 Rxc5 33.Kd3 Rh5 34.h3 Rg5 35.g4 Rd5+ 36.Ke2 h5
37.Rc4 hxg4 38.Rxg4 e5 39.c3 Rd7 40.Rc4 Kf5 41.Rc5 g5 42.Rxa5 Rh7 43.Ra8 Rxh3
44.Rf8+ Ke4 45.Rg8 Rh2+ 46.Kf1 Kf4 47.Rf8+ Ke3 48.Rf5 e4 49.Rxg5 Rh1+ 50.Kg2 Ra1
51.a5 Ke2 52.Re5 e3 53.c4 Ra3 54.Kg3 Ra4 55.a6 Rxa6 56.Kf4 Ra3 57.Ke4 Ra8
58.Kd5  1/2-1/2

[Event "Yangon schev"]
[Site "Yangon"]
[Date "1999.02.11"]
[Round "12"]
[White "Htun Htun Than"]
[Black "Al Modiahki, Mohamad"]
[Result "0-1"]
[WhiteElo "2499"]
[BlackElo "2530"]

1.e4 c5 2.Nf3 e6 3.d4 cxd4 4.Nxd4 Nc6 5.Nc3 Qc7 6.Be3 a6 7.Be2 Nf6 8.O-O Bb4
9.Na4 O-O 10.c4 Bd6 11.f4 Nxe4 12.Nxc6 bxc6 13.Qc2 f5 14.Nb6 Rb8 15.c5 Be7
16.Nxc8 Qxc8 17.g4 Nf6 18.gxf5 Nd5 19.Bd2 Rxf5 20.Bd3 Rh5 21.a3 Qc7 22.Rae1 Rf8
23.Re4 Nf6 24.Rc4 Nd5 25.Bc1 a5 26.Kh1 Rh4 27.Qd2 Qb8 28.Rf2 Bd8 29.f5 Rxc4
30.Bxc4 Qe5 31.Bxd5 exd5 32.Qf4 Qxf4 33.Rxf4 Bg5  0-1

[Event "RUS-Cup03 (Geller mem)"]
[Site "Moscow"]
[Date "1999.02.13"]
[Round "4"]
[White "Solovjov, Sergey"]
[Black "Beshukov, Sergei"]
[Result "1-0"]
[WhiteElo "2447"]
[BlackElo "2511"]

1.e4 c5 2.Nf3 Nc6 3.Nc3 e6 4.d4 cxd4 5.Nxd4 Nf6 6.Ndb5 d6 7.Bf4 e5 8.Nd5 Nxd5
9.exd5 exf4 10.dxc6 bxc6 11.Qf3 d5 12.O-O-O Be7 13.Qc3 cxb5 14.Qxg7 Bf6 15.Bxb5+ Ke7
16.Rhe1+ Be6 17.Rxe6+ Kxe6 18.Re1+ Kd6 19.Qxf7 Kc5 20.Re6 Kxb5 21.Qb7+ Qb6
22.Qxd5+ Ka6 23.Qc4+ Kb7 24.Rxb6+ axb6 25.Qf7+ Ka6 26.Qxf6 Rhf8 27.Qc6 Rac8
28.Qa4+ Kb7 29.Qe4+ Kb8 30.Qxh7 f3 31.gxf3 Rxf3 32.Qg6 Ka7 33.Qg7+ Ka6 34.b4 Rfc3
35.Qg6 Kb5 36.a3 Ka4 37.Kb2 R8c6 38.Qe4 R6c4 39.Qa8+ Kb5 40.Qd5+ Ka4 41.Qd2 Rxa3
42.Qd7+ Kxb4 43.Qd6+  1-0

[Event "Cappelle op"]
[Site "Cappelle la Grande"]
[Date "1999.02.16"]
[Round "4"]
[White "Bobras, Piotr"]
[Black "Landa, Konstantin"]
[Result "0-1"]
[WhiteElo "2371"]
[BlackElo "2542"]

1.e4 c5 2.Nf3 e6 3.d4 cxd4 4.Nxd4 Nc6 5.Nc3 Qc7 6.Be3 a6 7.Bd3 b5 8.O-O Bb7
9.Qe2 Nf6 10.Kh1 h5 11.Nxc6 Bxc6 12.Bd4 h4 13.f4 Be7 14.a3 d6 15.Bxf6 Bxf6
16.Nd5 Qb7 17.Nb4 h3 18.g3 Bd7 19.c3 Bd8 20.Nc2 Bb6 21.Nd4 O-O 22.g4 Bxd4
23.cxd4 f5 24.Rac1 Rac8 25.Rxc8 Rxc8 26.gxf5 exf5 27.Bb1 Re8 28.Kg1 fxe4
29.Qh5 b4 30.axb4 Re7 31.f5 Qd5 32.Qg5 Qxd4+ 33.Kh1 Bc6 34.Rc1 e3+ 35.Rxc6 Qd1+  0-1

[Event "Bunratty Masters"]
[Site "Bunratty"]
[Date "1999.02.18"]
[Round "2"]
[White "Delaney, John"]
[Black "Daly, Colm"]
[Result "0-1"]
[WhiteElo "2265"]
[BlackElo "2369"]

1.e4 c5 2.Nf3 e6 3.d4 cxd4 4.Nxd4 Nc6 5.Nc3 d6 6.Be2 Nf6 7.O-O Be7 8.Be3 O-O
9.Kh1 Bd7 10.f4 Qb8 11.Bd3 Nxd4 12.Bxd4 e5 13.fxe5 dxe5 14.Be3 Bc6 15.Bg5 Qd8
16.Qe2 Nd7 17.Bxe7 Qxe7 18.Nd5 Bxd5 19.exd5 g6 20.Rad1 Qd6 21.Bb5 Nb6 22.Rfe1 a6
23.Bc4 f5 24.Bb3 e4 25.g4 Nd7 26.gxf5 gxf5 27.Rg1+ Kh8 28.Rg5 Rae8 29.Qh5 f4
30.Rdg1 Re5 31.Qg4 Rxg5 32.Qxg5 Qf6 33.Qg4 Ne5 34.Qe6 Qxe6 35.dxe6 Re8 36.Bd5 e3
37.Rg5 Ng6 38.Kg2 Kg7 39.Kf3 Kf6 40.Rh5 Re7 41.c4 Nf8 42.Kxf4 e2 43.Rf5+ Kg7  0-1

[Event "Bunratty Masters"]
[Site "Bunratty"]
[Date "1999.02.18"]
[Round "2"]
[White "Baker, Chris W"]
[Black "Collins, Sam"]
[Result "1-0"]
[WhiteElo "2390"]
[BlackElo "2097"]

1.e4 c5 2.Nc3 Nc6 3.Nf3 e6 4.d4 cxd4 5.Nxd4 d6 6.g3 Nf6 7.Bg2 Be7 8.O-O O-O
9.Re1 Bd7 10.Bg5 Nxe4 11.Nxc6 Bxc6 12.Bxe7 Nxc3 13.Qxd6 Qxd6 14.Bxd6 Rfd8
15.Bxc6 Rxd6 16.Bxb7 Rb8 17.bxc3 Rxb7 18.Rab1 Rxb1 19.Rxb1 g6 20.Kf1 Ra6
21.Rb2 Ra3 22.c4 Rc3 23.Ke2 Kg7 24.Kd2 Rxc4 25.Kd3 Rc6 26.c4 Kf6 27.Kd4 h5
28.h4 Rc7 29.c5 Ke7 30.Kc4 Kd7 31.Rd2+ Ke7 32.a4 Rd7 33.Rb2 Rc7 34.a5 Kd7
35.Rd2+ Kc8 36.a6 Rd7 37.Rb2 Rc7 38.Kb5 Kd7 39.Rd2+  1-0

[Event "St Helier Tohmatsu op"]
[Site "St Helier"]
[Date "1999.02.19"]
[Round "6"]
[White "Corkett, Anthony"]
[Black "Plaskett, Jim"]
[Result "1/2-1/2"]
[WhiteElo "2255"]
[BlackElo "2483"]

1.e4 c5 2.Nf3 e6 3.d4 cxd4 4.Nxd4 Nc6 5.Nc3 Qc7 6.Be2 a6 7.O-O b5 8.Nxc6 dxc6
9.Re1 Bd6 10.g3 Bb7 11.Bf1 h5 12.Qe2 Be5 13.a4 h4 14.f4 Bd4+ 15.Be3 Bxe3+
16.Qxe3 hxg3 17.hxg3 b4 18.Nd1 Nf6 19.Nf2 O-O-O 20.a5 e5 21.f5 g6 22.Qb6 gxf5
23.exf5 Rdg8 24.Re3 Nd5 25.Qxc7+ Kxc7 26.Rb3 c5 27.Re1 f6 28.Ne4 Ne7 29.Bg2 Nxf5
30.Nxc5 Bc8  1/2-1/2

[Event "Zuglo Hotel op"]
[Site "Budapest"]
[Date "1999.02.22"]
[Round "4"]
[White "Dlauchy, Peter"]
[Black "Erdelyi, Zs"]
[Result "0-1"]
[WhiteElo "2055"]
[BlackElo "2116"]

1.e4 c5 2.Nf3 e6 3.d4 cxd4 4.Nxd4 Nc6 5.Nc3 Qc7 6.g3 a6 7.Bg2 Nf6 8.O-O Bc5
9.Nxc6 dxc6 10.Na4 Ba7 11.c4 b5 12.cxb5 axb5 13.Nc3 O-O 14.Qc2 Ba6 15.b4 Ng4
16.Qe2 Ne5 17.Bf4 Bd4 18.Rac1 Qb6 19.Bxe5 Bxe5 20.Kh1 c5 21.a3 cxb4 22.axb4 Rac8
23.Na2 Rc4 24.Rfd1 Rfc8 25.Rxc4 bxc4 26.Bf1 Bd4 27.f3 e5 28.Rc1 h5 29.h4 Rc6
30.Qc2 Bf2 31.Kg2 Bxg3 32.Nc3 Rg6 33.Kh1 Qf6 34.Bg2 Qxh4+ 35.Kg1 Bc8 36.Nd5 c3
37.Ra1 Qh2+ 38.Kf1 Bh3 39.Ne7+ Kh7 40.Nxg6 Qh1+ 41.Ke2 Qxg2+ 42.Kd3 Qxf3+
43.Kc4 fxg6 44.Rd1 Be6+ 45.Kb5 h4 46.Ka5 Bg4 47.Rd8 h3 48.Qb3 h2 49.Qg8+ Kh6
50.Qh8+ Kg5  0-1

[Event "Zuglo Hotel op"]
[Site "Budapest"]
[Date "1999.02.23"]
[Round "5"]
[White "Balogh, Csaba"]
[Black "Livshits, Gaby"]
[Result "1/2-1/2"]
[WhiteElo "2135"]
[BlackElo "2108"]

1.e4 c5 2.Nf3 e6 3.d4 cxd4 4.Nxd4 Nc6 5.Nc3 Qc7 6.Be3 a6 7.Be2 b5 8.O-O Bb7
9.a3 Nf6 10.f4 Nxd4 11.Qxd4 Rc8 12.Kh1 Bc5 13.Qd3 O-O 14.Bf3 d5 15.Bxc5 Qxc5
16.e5 Ne4 17.Nxe4 dxe4 18.Bxe4 Bxe4 19.Qxe4 Qxc2 20.Qb7 Qxb2 21.Qxa6 Ra8
22.Qb6 Rxa3  1/2-1/2

[Event "Zuglo Hotel op"]
[Site "Budapest"]
[Date "1999.02.25"]
[Round "7"]
[White "Antal, Gergely"]
[Black "Erdelyi, Zs"]
[Result "1-0"]
[WhiteElo "2257"]
[BlackElo "2116"]

1.e4 c5 2.Nf3 e6 3.d4 cxd4 4.Nxd4 Nc6 5.Nc3 Qc7 6.Be3 a6 7.Bd3 Nf6 8.O-O Bd6
9.h3 Bf4 10.Qd2 Bxe3 11.Qxe3 Qb6 12.Nf5 Qxe3 13.Nxe3 b5 14.f4 d6 15.Ne2 Bb7
16.a4 Nb4 17.axb5 Nxd3 18.cxd3 axb5 19.Rxa8+ Bxa8 20.Nd4 Ke7 21.Ra1 Rb8 22.b4 Nh5
23.Ra7+ Ke8 24.Ne2 Bc6 25.Kf2 Bd7 26.e5 dxe5 27.fxe5 g6 28.g4 Ng7 29.Nc3 Ke7
30.Ne4 h5 31.Nc2 hxg4 32.hxg4 Rd8 33.Nc5 Ne8 34.Nd4 f6 35.Nc6+  1-0

[Event "Portuguese Masters"]
[Site "Caldas de Felgueira"]
[Date "1999.02.28"]
[Round "9"]
[White "Cordovil, Joao"]
[Black "Santos, Antonio P"]
[Result "0-1"]
[WhiteElo "2214"]
[BlackElo "2266"]

1.e4 c5 2.Nf3 e6 3.d4 cxd4 4.Nxd4 Nc6 5.Nc3 a6 6.Nxc6 bxc6 7.Bd3 Nf6 8.O-O d6
9.Kh1 Be7 10.f4 O-O 11.e5 Ne8 12.Ne4 g6 13.Qf3 a5 14.Be3 d5 15.Ng5 c5 16.Qh3 h5
17.Rad1 Ng7 18.c3 Ba6 19.g4 d4 20.Bxa6 Rxa6 21.cxd4 Bxg5 22.fxg5 Qd5+ 23.Kg1 hxg4
24.Qxg4 Nf5 25.Qe2 Qe4 26.Rfe1 cxd4 27.Bxd4 Qh4 28.Be3 Rc6 29.Rc1 Rxc1 30.Bxc1 Rc8
31.Qf2 Qg4+ 32.Qg2 Qd4+ 33.Qf2 Rc2 34.Qxd4 Nxd4 35.Kf1 Rxh2 36.Re4 Rh1+ 37.Kf2 Rxc1
38.Rxd4 Rc2+ 39.Ke3 Rxb2 40.a4 Rg2 41.Rd8+ Kg7 42.Ra8 Rxg5 43.Rxa5 Rf5 44.Rb5 g5
45.a5 Rf4 46.Rb7 Ra4 47.Ra7 g4 48.Kf2 Ra3 49.a6 Rf3+ 50.Kg2 Re3 51.Ra8 Rxe5
52.Kg3 Re4 53.a7 Ra4 54.Kh4 Kf6 55.Kg3 Kf5  0-1

[Event "EST-chT"]
[Site "Tallinn"]
[Date "1999.02.28"]
[Round "4"]
[White "Sepp, Olav"]
[Black "Narva, Jaan"]
[Result "1/2-1/2"]
[WhiteElo "2397"]
[BlackElo "2320"]

1.e4 c5 2.Nf3 Nc6 3.Nc3 e6 4.d4 cxd4 5.Nxd4 a6 6.Be2 Qc7 7.O-O b5 8.Nxc6 Qxc6
9.Bf3 Bb7 10.Re1 Ne7 11.a4 b4 12.Nd5 Ng6 13.Bd2 a5 14.c3 Ne5 15.Bf4 f6 16.Bh5+ Kd8
17.Bxe5 fxe5 18.Ne3 Rc8 19.Re2 bxc3 20.bxc3 Rc7 21.Rb1 g6 22.Bf3 h5 23.Reb2 Ba8
24.Rb8+ Rc8 25.R8b6 Qxc3 26.Rxe6 g5 27.Nd5 Qd4 28.Rg6 g4 29.Qxd4 exd4 30.Be2 Bxd5
31.exd5 Bb4 32.Bb5 Rc5 33.d6 Rd5 34.Rd1 Re8 35.g3 Bc3 36.h3 gxh3 37.Bd3 Kc8
38.Kh2 Kb7 39.Kxh3 Kb6 40.Kh4 Kc5 41.Rb1 Bb4 42.Rc1+ Bc3 43.Rb1 Bb4 44.Rc1+ Bc3  1/2-1/2

[Event "BEL-chT9899"]
[Site "Antwerp"]
[Date "1999.02.??"]
[Round "7"]
[White "Tjiam, Dharma"]
[Black "Luminet, Denis"]
[Result "1/2-1/2"]
[WhiteElo "2360"]
[BlackElo "2285"]

1.d4 e6 2.Nf3 c5 3.e4 cxd4 4.Nxd4 Nc6 5.Nc3 Qc7 6.g3 a6 7.Bg2 d6 8.O-O Bd7
9.Be3 Nf6 10.Qe2 Be7 11.h3 b5 12.a4 b4 13.Na2 Nxd4 14.Bxd4 e5 15.Be3 a5 16.c3 b3
17.Nc1 Rb8 18.f4 O-O 19.f5  1/2-1/2

[Event "Alushta"]
[Site "Alushta"]
[Date "1999.03.05"]
[Round "3"]
[White "Kuzmin, Gennadi P"]
[Black "Malakhatko, Vadim"]
[Result "0-1"]
[WhiteElo "2546"]
[BlackElo "2496"]

1.e4 c5 2.Nf3 e6 3.Nc3 Nc6 4.d4 cxd4 5.Nxd4 Nf6 6.Ndb5 d6 7.Bf4 e5 8.Bg5 a6
9.Na3 b5 10.Nd5 Be7 11.Bxf6 Bxf6 12.c3 O-O 13.Nc2 Bg5 14.Be2 Rb8 15.O-O Kh8
16.Bg4 Be6 17.Ncb4 Nxb4 18.Nxb4 Rb6 19.Bxe6 fxe6 20.a4 a5 21.Nd3 Qc8 22.axb5 Rxb5
23.Qa4 Qb7 24.Rad1 Rb6 25.Rfe1 h6 26.Qa2 Re8 27.Ra1 Rb5 28.h3 Bf6 29.c4 Rb3
30.Re3 Rb8 31.Qxa5 Bg5 32.Rf3 Qxe4 33.Qc7 Qd4 34.h4 e4 35.Rh3 Bd8 36.Qd7 Rxd3  0-1

[Event "ISL-chT9899"]
[Site "Reykjavik"]
[Date "1999.03.05"]
[Round "?"]
[White "Kristjansson, Stefan"]
[Black "Riemersma, Liafbern"]
[Result "0-1"]
[WhiteElo "2250"]
[BlackElo "2420"]

1.e4 c5 2.Nf3 e6 3.d4 cxd4 4.Nxd4 Nc6 5.Nc3 Qc7 6.a3 a6 7.f4 Bc5 8.Nb3 Be7
9.Bd3 d6 10.Be3 Nf6 11.Qf3 b5 12.O-O Bb7 13.Rad1 O-O 14.g4 b4 15.axb4 Nxb4
16.g5 Nd7 17.Nd4 g6 18.Qh3 e5 19.fxe5 Nxe5 20.Qg3 Rfe8 21.Nf3 Bf8 22.Nxe5 Rxe5
23.Bd4 Re6 24.Qf4 Bg7 25.Bc4 Re7 26.Bxg7 Kxg7 27.Qxd6 Qxd6 28.Rxd6 Ra7 29.Bb3 Bc8
30.h4 h6 31.gxh6+ Kxh6 32.Kh2 a5 33.Rdf6 Kg7 34.Nb5 Ba6 35.Nxa7 Bxf1 36.Nc8 Kxf6  0-1

[Event "Chess Masters 3rd"]
[Site "Enghien-les-Bains"]
[Date "1999.03.09"]
[Round "6"]
[White "Ponomariov, Ruslan"]
[Black "Salov, Valery"]
[Result "1/2-1/2"]
[WhiteElo "2609"]
[BlackElo "2670"]

1.e4 c5 2.Nf3 Nc6 3.d4 cxd4 4.Nxd4 e6 5.Nc3 Qc7 6.Be3 a6 7.Bd3 Nf6 8.O-O Ne5
9.Nf3 d6 10.Nxe5 dxe5 11.Na4 Bd7 12.c4 Bc6 13.Qc2 Qa5 14.Nc3 Bc5 15.Bxc5 Qxc5
16.a3 b6 17.b4 Qe7 18.f3 O-O 19.Qf2 Nd7 20.Rfd1 Rab8 21.Bf1 Rfd8 22.Rd3 a5
23.Rb1 axb4 24.axb4 Nf6 25.Qe3 Rxd3 26.Bxd3 Qd8 27.Be2 Qd4 28.Kf2 Kf8 29.Rd1 Qxe3+
30.Kxe3 Ke7 31.Kd2 Ra8 32.Kc2 g5 33.b5 Be8 34.Kb3 Nd7 35.Na4 Nc5+ 36.Nxc5 bxc5
37.h4 h6 38.hxg5 hxg5 39.Rh1 Bd7 40.Bd3 Kf6 41.g3 Be8 42.Be2 Bd7 43.Bd1 Be8
44.Rh6+ Kg7 45.Rh2 Rd8 46.Bc2 Kf6 47.Rh8 Kg7 48.Rh1 Ra8 49.Bd3 Kf6 50.Rh2 Rd8
51.Kc3 Ra8 52.Rb2 Ke7 53.Kd2 Kd6 54.Ke3 Ra3 55.Ke2  1/2-1/2

[Event "Victor Ciocaltea Memorial"]
[Site "Bucharest"]
[Date "1999.03.13"]
[Round "10"]
[White "Vukovic, Zdravko"]
[Black "Conquest, Stuart"]
[Result "1-0"]
[WhiteElo "2483"]
[BlackElo "2488"]

1.e4 c5 2.Nf3 e6 3.d4 cxd4 4.Nxd4 Nc6 5.Nc3 a6 6.Be2 d6 7.O-O Nf6 8.Kh1 Be7
9.f4 O-O 10.Be3 Bd7 11.Qe1 b5 12.a3 Rb8 13.Rd1 Qc8 14.Qg3 b4 15.axb4 Rxb4
16.e5 Ne8 17.Ne4 d5 18.Ng5 Nxd4 19.Bxd4 h6 20.Nf3 Qxc2 21.Bxa6 Bb5 22.Bxb5 Rxb5
23.Bc3 Bc5 24.f5 exf5 25.Nh4 f4 26.Qxf4 Nc7 27.Nf5 Ne6 28.Qg4 Kh7 29.Rxd5 Qb3
30.Rd3 Rb6 31.Rh3 Qb5 32.Re1 Rd8 33.Nxg7 Nxg7 34.e6 Nxe6 35.Rxh6+ Kxh6 36.Qh4+ Kg6
37.Qf6+ Kh7 38.Qxf7+ Kh6 39.Qf6+ Kh7 40.Qf7+ Kh6 41.Rxe6+ Rxe6 42.Qxe6+ Kh7
43.Qf7+ Kh6 44.Bg7+ Kg5 45.Bf6+  1-0

[Event "Lugano op"]
[Site "Lugano"]
[Date "1999.03.13"]
[Round "4"]
[White "Astengo, Corrado"]
[Black "Mantovani, Renzo"]
[Result "0-1"]
[WhiteElo "2191"]
[BlackElo "2377"]

1.e4 c5 2.Nf3 Nc6 3.d4 cxd4 4.Nxd4 e6 5.Nc3 Qc7 6.Be3 Nf6 7.f4 Nxd4 8.Bxd4 Qxf4
9.Bd3 Bb4 10.Rf1 Qxh2 11.Qf3 Qh5 12.Qg3 Qg4 13.Qf2 O-O 14.Bxf6 gxf6 15.Qxf6 d6
16.Rf4 Qg7 17.Qh4 Bxc3+ 18.Kf1 f5 19.bxc3 fxe4 20.Bxe4 Rxf4+ 21.Qxf4 d5 22.Bf3 Bd7
23.Re1 Rf8 24.Qh2 Qxc3 25.Re5 Bb5+ 26.Kg1 Qd4+ 27.Kh1 Qa1+  0-1

[Event "AUT-chT2M 9899"]
[Site "Austria"]
[Date "1999.03.14"]
[Round "11"]
[White "Medvegy, Zoltan"]
[Black "Haba, Petr"]
[Result "1/2-1/2"]
[WhiteElo "2370"]
[BlackElo "2515"]

1.e4 c5 2.Nf3 e6 3.d4 cxd4 4.Nxd4 Nc6 5.Nc3 Qc7 6.Be3 a6 7.Bd3 Nf6 8.O-O Ne5
9.h3 Bc5 10.Qe2 d6 11.f4 Ng6 12.Nb3 Bxe3+ 13.Qxe3 O-O 14.Ne2 b6 15.c4 Bb7
16.Rac1 Rfe8 17.Nc3 Nd7 18.Qf2 Rac8 19.Rfd1 Qb8 20.Bf1 Red8 21.Rc2 Nc5 22.Nxc5 dxc5
23.e5 Rxd1 24.Nxd1 Rd8 25.Rd2 Qc7 26.g3 Ne7 27.Ne3 Nc6 28.Nc2 Rd7 29.Qe3 Nd4
30.Nxd4 cxd4 31.Qd3 Qc5 32.Bg2 Bxg2 33.Kxg2 g6 34.b3 Qa5 35.Kf2 Qc3 36.h4 h5
37.Rd1 Qb2+ 38.Rd2 Qa1 39.Qf1 Qc3 40.Qd3 Kg7 41.Rd1 Qb2+ 42.Rd2 Qa1 43.Qf1 Qc3
44.Qd3 a5 45.a4 Qb4 46.Rd1 Qc5 47.Kg2 Qa3 48.Qc2 Kf8 49.Rd3 Ke7 50.Qd1 Kd8
51.Kf1 Qc5 52.Qf3 Kc7 53.Kf2 Qc6 54.Ke2 Qxf3+ 55.Rxf3 Kc6 56.Kd3 Kc5 57.Kc2 Kb4
58.Rd3 Rd8 59.Kb2 Rd7 60.Kc2 Ka3 61.Kb1 Rd8 62.Kc2 Ka2 63.Rd2  1/2-1/2

[Event "NRW-Liga II 9899"]
[Site "GER"]
[Date "1999.03.16"]
[Round "7"]
[White "Schmidt, Martin"]
[Black "Becker, Marcel"]
[Result "1/2-1/2"]
[WhiteElo "2184"]
[BlackElo "2235"]

1.e4 c5 2.Nf3 Nc6 3.Nc3 e6 4.d4 cxd4 5.Nxd4 Nf6 6.Nxc6 bxc6 7.e5 Nd5 8.Ne4 Ba6
9.c4 Bb4+ 10.Bd2 Qh4 11.Qf3 f5 12.Nd6+ Bxd6 13.cxd5 Bxf1 14.exd6 Bc4 15.dxc6 Bd5
16.cxd7+ Kxd7 17.Qe3 Kxd6 18.O-O Rhc8 19.Rfe1 Ke7 20.Rad1 Kf7 21.Bc3 Qe4
22.Qg3 Qg4 23.Qxg4 fxg4 24.Rd4 Rc4 25.Rxc4 Bxc4 26.Re4 Bxa2 27.Rf4+ Ke8 28.Rxg4 g6
29.h4 Bb1 30.Rb4 Rd8 31.Bf6 Rd7 32.Rb8+ Kf7 33.Bc3 h5 34.Rh8 a6 35.Kh2 Ke7
36.Ra8 Bd3 37.Kg3 Rd5 38.Kf4 Rf5+ 39.Ke3 Rd5 40.Bb4+ Kd7 41.Ra7+ Kc6 42.Rf7 Bf5
43.Bc3 a5 44.f3 Rc5 45.Ra7 Kb6 46.Ra8 Rd5 47.Kf4 Kb7 48.Rxa5 e5+ 49.Ke3 Rxa5
50.Bxa5 Kc6 51.Bd8 Kd5 52.b4 e4 53.f4 Kc4 54.Be7 Bd7 55.g3 Bc6 56.Bc5 Kd5
57.f5 gxf5 58.Kf4 Kc4  1/2-1/2

[Event "NRW-Liga II 9899"]
[Site "GER"]
[Date "1999.03.16"]
[Round "7"]
[White "Van Blitterswijk, Stefan"]
[Black "Heedt, Thorsten"]
[Result "1-0"]
[WhiteElo "2320"]
[BlackElo "2185"]

1.e4 c5 2.Nf3 e6 3.d4 cxd4 4.Nxd4 Nc6 5.Nc3 Qc7 6.f4 a6 7.Nxc6 bxc6 8.Bd3 d5
9.O-O Bc5+ 10.Kh1 Ne7 11.Qh5 Bd4 12.Ne2 g6 13.Qh6 Ng8 14.Qh4 Bf6 15.Qf2 Ne7
16.e5 Bg7 17.Be3 O-O 18.Bc5 f6 19.Qh4 Rf7 20.Nd4 Nf5 21.Bxf5 gxf5 22.Nf3 Bd7
23.b4 fxe5 24.Nxe5 Bf6 25.Qg3+ Rg7 26.Qe3 Bxe5 27.fxe5 Qd8 28.Rf4 Qg5 29.g3 Kh8
30.Qd3 Be8 31.Be3 Bh5 32.Qd4 Bg4 33.Qc5 Qh5 34.Raf1 Bh3 35.Re1 Rag8 36.Rf2 Bg4
37.Kg2 Qh3+ 38.Kg1 Bh5 39.Bf4 Qh4 40.Kf1 Rxg3 41.Bxg3 Rxg3 42.Qf8+ Rg8 43.Qf6+ Qxf6
44.exf6 Re8 45.Rg2 e5 46.Rg5 Bg6 47.h4 e4 48.h5 Bf7 49.Rxf5 Be6 50.Rf4 Bf7
51.h6 Kg8 52.Re3 Bg6 53.Rc3 Rc8 54.a4 Kf7 55.Rc5 Ke6 56.Ke1 Kd6 57.f7 Rf8
58.Rf6+ Ke5 59.Rcxc6 d4 60.b5 axb5 61.axb5 e3 62.b6 Bxc2 63.Rce6+ Kd5 64.Re8 d3
65.Rxe3 Kd4 66.Re8 Kc3 67.Rc6+  1-0